000 00754cam a2200241 a 4500
001 000009406
003 OSt
005 20200930094657.0
008 981021s1990 cu 000 0 spa
040 _aDO-SdBNP
_bspa
_cBNPHU
082 _a972.91064
_bA396
245 0 0 _aAlguien se cubre el rostro /
_ccompilación, Juan Carlos Fernández.
260 _aLa Habana :
_bPolitíca,
_c1990.
300 _ax, 239 p. ;
_c18 cm.
490 1 _aCurujey
590 _aInventariado, 2020 / DG
650 4 _aSeguridad nacional
_zCuba.
_924192
651 4 _aCuba
_xHistoria
_y1959-1990.
_95937
651 4 _aCuba
_xHistoria
_xLucha De La Revolución
_919420
700 1 _aFernández, Juan Carlos,
_d1939-
_924193
910 _aInventariado, 2020 / DG
942 _2ddc
_cLF1
999 _c9166
_d9166